The first stars (Record no. 14022)

MARC details
000 -LEADER
fixed length control field 00892nam a2200229Ia 4500
003 - CONTROL NUMBER IDENTIFIER
control field IN-BaIIA
008 - FIXED-LENGTH DATA ELEMENTS--GENERAL INFORMATION
fixed length control field 211028s9999 xx 000 0 eng d
020 ## - INTERNATIONAL STANDARD BOOK NUMBER
International Standard Book Number 3-540-67222-2
040 ## - CATALOGING SOURCE
Transcribing agency IIA Library
080 ## - UNIVERSAL DECIMAL CLASSIFICATION NUMBER
Universal Decimal Classification number 524.3
Item number THE
111 ## - MAIN ENTRY--MEETING NAME
Meeting name or jurisdiction name as entry element MPA/ESO Workshop on the First Stars
Location of meeting Garching, Germany
Date of meeting or treaty signing 1999 Aug. 4-6
9 (RLIN) 24579
245 #4 - TITLE STATEMENT
Title The first stars
Remainder of title proceedings of the MPA/ESO workshop on the first stars, held in Garching, Germany, 4-6 Aug 1999
Statement of responsibility, etc. edited by A. Weiss, T. G. Abel and V. Hill
260 ## - PUBLICATION, DISTRIBUTION, ETC.
Place of publication, distribution, etc. Berlin
Name of publisher, distributor, etc. Springer-Verlag
Date of publication, distribution, etc. 2000
300 ## - PHYSICAL DESCRIPTION
Extent xii, 356p.
490 ## - SERIES STATEMENT
Series statement ESO astrophysics symposia
650 ## - SUBJECT ADDED ENTRY--TOPICAL TERM
Topical term or geographic name entry element First stars
9 (RLIN) 24580
650 ## - SUBJECT ADDED ENTRY--TOPICAL TERM
Topical term or geographic name entry element Stars
700 ## - ADDED ENTRY--PERSONAL NAME
Personal name Abel, T. G., ed.
9 (RLIN) 24581
700 ## - ADDED ENTRY--PERSONAL NAME
Personal name Hill, V., ed.
9 (RLIN) 24582
700 ## - ADDED ENTRY--PERSONAL NAME
Personal name Weiss, A., ed.
9 (RLIN) 23388
942 ## - ADDED ENTRY ELEMENTS (KOHA)
Koha item type Books
Holdings
Withdrawn status Lost status Damaged status Not for loan Home library Current library Shelving location Date acquired Total Checkouts Full call number Barcode Date last seen Price effective from Koha item type
        IIA Library-Bangalore IIA Library-Bangalore General Stacks     524.3/ THE 14942 05/11/2021   Books

Powered by Koha